000 00607nam a2200229Ia 4500
001 3016
003 GE_BSU
008 181216s||||||||xx |||||||||||||| ||und||
020 _a5856391691
040 _cGE_BSU
080 _a330(075.8)
245 _aСборник задач по экономике
245 _bУчебное пособие
245 _cОтв. ред. Ю. Е. Васильевич
260 _aМосква
260 _bБЕК
260 _c1996
300 _a273 с. 21 см.
541 _h7 л.
653 _aСборник задач по экономике
942 _cBK
999 _c37062
_d37062